00350nam a2200109Ia 4500008004100000040001200041082001400053100001900067245007000086250001100156260007300167200103s9999||||xx |||||||||||||| ||und|| aIMU-MPC aColumn-12 aFassett, F. G. 4aThe Shipbuilding Business in the United States of America, Vol. 1 aVol. 1 bThe society of Naval Architects and Marine Engineers, New Yorkc1948